000 01281nam2a2200253 4500
001 RU\NLR\BIBL_A\010913821
005 20250624201055.0
010 _a978-5-4331-0071-8
_9500
021 _aRU
_b2015-86560
_95303
035 _a(NLR Aleph) 010913821
090 _a10644256
_c10644256
100 _a20151130d2015 |||y0rusy50 ca
101 0 _arus
102 _aRU
105 _aac z 000zy
200 0 _aЧ. 3
210 _d2015
_aБ. м.
215 _a217 с.
_cил., портр.
320 _aБиблиогр.: с. 201-205 (96 назв.)
461 0 _1001RU\NLR\BIBL_A\010779006
_12001#$aПолезный опыт "афганцев"$eвоенно-исторический сборник$eв 3 ч.$fРяз. высш. воздуш.-десант. команд. училище им. ген. армии В. Ф. Маргелова$gавт.-сост.: В. И. Шайкин$vЧ. 3
_910057258
_cРязань
_d2014
_fРяз. высш. воздуш.-десант. команд. училище им. ген. армии В. Ф. Маргелова
_nРВВДКУ
_oвоенно-исторический сборник : в 3 ч.
_tПолезный опыт "афганцев"
_vЧ. 3
942 _cBOOK
980 _aNB